Актуальные проблемы экологии и сохранения биоразнообразия России и сопредельных стран. Вып. 10: Вып.10 (Запись № 9901969)

Подробности
000 -МАРКЕР
контрольное поле 01660nam2a2200265 4500
001 - ИДЕНТИФИКАТОР ЗАПИСИ
контрольное поле RU\NLR\BIBL_A\010740731
005 - ИДЕНТИФИКАТОР ВЕРСИИ
контрольное поле 20250614092844.0
010 ## - МЕЖДУНАРОДНЫЙ СТАНДАРТНЫЙ НОМЕР КНИГИ (ISBN)
Номер (ISBN) 978-5-8336-0801-2
Тираж 200
021 ## - НОМЕР ГОСУДАРСТВЕННОЙ РЕГИСТРАЦИИ
Код страны Российская Федерация
Номер 2015-19440
Номер Листа государственной регистраци 1160
035 ## - ДРУГИЕ СИСТЕМНЫЕ НОМЕРА
Идентификатор записи (NLR Aleph) 010740731
100 ## - ДАННЫЕ ОБЩЕЙ ОБРАБОТКИ
Данные общей обработки 20150427d2014 |||y0rusy50 ca
101 0# - ЯЗЫК РЕСУРСА
Язык текста, звукозаписи и т.д. русский
102 ## - СТРАНА ПУБЛИКАЦИИ ИЛИ ПРОИЗВОДСТВА
Страна публикации Российская Федерация
105 ## - ПОЛЕ КОДИРОВАННЫХ ДАННЫХ: ТЕКСТОВЫЕ МАТЕРИАЛЫ, МОНОГРАФИЧЕСКИЕ
Кодированные данные о монографическом текстовом документе a z 100yy
200 0# - ЗАГЛАВИЕ И СВЕДЕНИЯ ОБ ОТВЕТСТВЕННОСТИ
Основное заглавие Вып.10
Сведения, относящиеся к заглавию материалы Всероссийской научной конференции с международным участием, 28-30 апреля 2014 г.
Первые сведения об ответственности [редкол.: Чопикашвили Л.В., д.б.н., проф. (отв. ред.) и др.]
210 ## - ПУБЛИКАЦИЯ, РАСПРОСТРАНЕНИЕ И ДР.
Дата издания, распространения и т.д. 2014
Место издания, распространения и т.д. Б. м.
215 ## - ФИЗИЧЕСКАЯ ХАРАКТЕРИСТИКА
Специфическое обозначение материала и объем 280 с.
Другие сведения о физической характеристике ил.
320 ## - ПРИМЕЧАНИЯ О НАЛИЧИИ В ДОКУМЕНТЕ БИБЛИОГРАФИИ / УКАЗАТЕЛЯ
Текст примечания Библиогр. в конце ст.
461 #0 - УРОВЕНЬ НАБОРА
Встроенное поле 001RU\NLR\bibl\2058729
-- 2000#$aАктуальные проблемы экологии и сохранения биоразнообразия России и сопредельных стран$eматериалы научно-практической конференции$vВып. 10
Системный номер (АБИС) связанной записи 4616647
Место публикации Владикавказ
Дата публикации 2012
Первые сведения об ответственности [редкол.: Николаев И.А., к.б.н., (отв. ред.) и др.]
Имя издателя, распространителя и т.д. Изд-во СОГУ
Сведения, относящиеся к заглавию материалы научно-практической конференции
Заглавие Актуальные проблемы экологии и сохранения биоразнообразия России и сопредельных стран
Номер тома Вып. 10
702 #1 - ИМЯ ЛИЦА - ВТОРИЧНАЯ ОТВЕТСТВЕННОСТЬ
Начальный элемент ввода Чопикашвили
Часть имени, кроме начального элемента ввода Л. В.
Расширение инициалов личного имени Лидия Васильевна
Код отношения Редактор
942 ## - ДОПОЛНИТЕЛЬНЫЕ ЭЛЕМЕНТЫ ЗАПИСИ (АБИС)
Тип экземпляра АБИС Книга
980 ## - КОЛЛЕКЦИЯ
Название коллекции Национальная библиография
Экземпляры
Тип экземпляра Дата поступления Стоимость Библиотека постоянного хранения Библиотека текущего хранения Место хранения Шифр хранения Штрих-код Статус экземпляра
Книга 27.04.2015 0.00 РНБ (Московский) РНБ (Московский) Русский книжный фонд: издания с 1957 года 2013-3/18466 1-950922  
Книга 27.04.2015 0.00 РНБ (Московский) РНБ (Московский) Русский книжный фонд: издания с 1957 года 2013-3/18466 1-950923